000 00413nab a2200157 a 4500
001 120018
003 209633
005 20201118121009.0
008 ||||||n9999 ||| || ||
100 _aOspina Posse, Mayxué
245 0 _aBicentenario de la independencia. :
_bTiempos de vigilancia
300 _app. 10-15
562 _e0
773 _0120017
_aNúmero - No.64 (mar.- may. 2010)
942 _cSART
999 _c120018
_d120018